| 000 | 00563nam a2200181Ia 4500 | ||
|---|---|---|---|
| 003 | IN-BaIIA | ||
| 008 | 211028s9999 xx 000 0 eng d | ||
| 040 | _cIIA Library | ||
| 080 |
_a62-752 _bSHA |
||
| 100 |
_aSharma, M. C. _915766 |
||
| 245 | 0 |
_aVoltage stabilizers and automatic cutouts _cM. C. Sharma |
|
| 260 |
_aDelhi _bBPB Publications _c1987 |
||
| 300 | _a1421p. | ||
| 650 | _aNASA Thesaurus | ||
| 650 |
_aServicing, maintenance, protection of machines _915767 |
||
| 650 |
_aStabilizers _915768 |
||
| 942 | _cBK | ||
| 999 |
_c9354 _d9354 |
||